|
|
|
|
| LEADER |
01109nam a2200265 a 4500 |
| 001 |
1225 |
| 003 |
BD-DhAAL |
| 008 |
121120s1978 enka b 000 0 eng d |
| 999 |
|
|
|c 12960
|d 12960
|
| 010 |
|
|
|a 79305894
|
| 020 |
|
|
|a 0714631027
|
| 040 |
|
|
|a DLC
|c DLC
|d DLC
|d BD-DhAAL.
|
| 082 |
0 |
0 |
|a 301.321091724
|2 20
|
| 245 |
0 |
0 |
|a Population and development /
|c edited by Geoffrey Hawthorn.
|
| 260 |
|
|
|a London ;
|a Totowa, N.J. :
|b F. Cass,
|c 1978.
|
| 300 |
|
|
|a 210 pages ;
|c 24 cm.
|
| 500 |
|
|
|a "This collection of essays first appeared in a Special Issue on Population and Development of the Journal of Development Studies, volume 14, no. 4."
|
| 504 |
|
|
|a Includes bibliographical references.
|
| 541 |
|
|
|e 00001225
|
| 650 |
|
0 |
|a Fertility, Human.
|9 41459
|
| 651 |
|
0 |
|a Developing countries
|x Population.
|9 41460
|
| 700 |
1 |
|
|a Hawthorn, Geoffrey.
|9 41461
|
| 852 |
4 |
|
|a Ayesha Abed Library
|j General Stacks
|
| 942 |
|
|
|2 ddc
|c BK
|
| 952 |
|
|
|0 0
|1 0
|2 ddc
|4 0
|6 301_321091724000000_POP
|7 0
|9 21431
|a BRACUL
|b BRACUL
|c GEN
|d 2012-11-26
|g 0.00
|l 0
|o 301.321091724 POP
|p 3010001225
|r 2012-11-26
|t 1
|w 0000-00-00
|y BK
|z Not price in Register
|x Available
|